| 000 | 00588nam a2200229Ia 4500 | ||
|---|---|---|---|
| 003 | OSt | ||
| 005 | 20231102105428.0 | ||
| 008 | 210210b1981 xxu||||| |||| 00| 0 eng d | ||
| 020 | _a0 471 09961 9 | ||
| 040 | _cAL | ||
| 041 | _aEnglish | ||
| 082 | _a541.38 FRIN | ||
| 100 |
_aFRIEDLANDER (Gerhart) & others. _9140493 |
||
| 245 | _aNuclear and radiochemistry | ||
| 250 | _a3 | ||
| 260 |
_aNY _bJohn Wiley and Sons _c1981 |
||
| 300 | _axiii,684 | ||
| 650 |
_aNuclear radiochemistry chemistry _9140494 |
||
| 690 |
_aPhysical Chemistry _9140495 |
||
| 906 | _a045901 | ||
| 942 |
_2ddc _cBK |
||
| 999 |
_c95231 _d95231 |
||